000 00753nam a2200229 u 4500
005 20250221063802.0
008 150519s2012 mx r 000 0 spa d
020 _a9789875383418
035 _aUPN01000203580
049 _aCG
050 4 _aLC4019.2
_bJ3.7
100 1 _aJacobo Cúpich, Zardel
_937526
245 1 4 _aLas paradojas de la integración - exclusión en las prácticas educativas :
_befectos de discriminación o lazo social /
_cJacobo Zardel.
260 _aBuenos Aires :
_bNoveduc,
_c2012.
300 _a222 p. :
_bil., tablas
440 0 _a[Dis]capacidad ;
_v9
650 4 _aIntegración escolar
_9306
650 4 _aNiños con discapacidad
_xEducación
_91549
650 2 _aSocialización
_97257
905 _aLibro
999 _c175681
_d175681